000 00533cam a2200181 4500
008 000000n1999 000 0 eng u
020 _a1860812821
035 _a(Sirsi) u100417
041 _aENG
050 _a690
110 _aBuilding Research Establishment
245 _aUntied cavity party walls: structural performance when using AAC blockwork.
260 _aWatford
_bCRC Ltd
_c1999
300 _a8p. ; 30cm.
490 _aBRE Information Paper
_vIP 1/99
690 _aBUILT ENVIRONMENT-CONSTRUCTION DESIGN
942 _n0
999 _c99700
_d99700